[Event "FRA-chT4 1314"]
[Site "Champagne Ardennes"]
[Date "2013.12.15"]
[Round "3"]
[White "Dhaynaut, Gilles"]
[Black "Monceau, Etienne"]
[Result "1/2-1/2"]
[WhiteElo "1686"]
[BlackElo "1641"]
[PlyCount "124"]
[EventDate "2013.10.25"]
[EventType "team-tourn"]
[EventRounds "7"]
[EventCountry "FRA"]
[SourceTitle "EXT 2024"]
[Source "ChessBase"]
[SourceDate "2023.10.10"]
[SourceVersion "1"]
[SourceVersionDate "2023.10.10"]
[SourceQuality "1"]

1. c4 b6 2. Nc3 Bb7 3. Nf3 Nf6 4. d3 e6 5. e4 d5 6. e5 Nfd7 7. cxd5 Bxd5 8. Nxd5 exd5 9. d4 Bb4+ 10. Bd2 Bxd2+ 11. Qxd2 0-0 12. Bd3 c5 13. Bc2 cxd4 14. Qd3 Nc6 15. Qd2 Ncb8 16. Qxd4 Nc6 17. Qd3 g6 18. Qxd5 Ndxe5 19. 0-0-0 Qxd5 20. Rxd5 Nxf3 21. gxf3 Nb4 22. Rd4 Nxc2 23. Kxc2 Rac8+ 24. Kb3 Rfe8 25. Rhd1 Re2 26. R1d2 Rxd2 27. Rxd2 Rc7 28. Kb4 Kf8 29. a4 Ke8 30. a5 Rd7 31. Re2+ Kd8 32. axb6 axb6 33. Kb5 Kc7 34. b4 Rd5+ 35. Ka6 Kc6 36. Rc2+ Kd7 37. Kxb6 Rh5 38. Rc7+ Ke6 39. Rc6+ Ke7 40. b5 Rxh2 41. Rc2 Rh3 42. f4 Rf3 43. Kc7 Rxf4 44. Re2+ Kf6 45. Rb2 h5 46. b6 Re4 47. Kc6 h4 48. b7 Re8 49. b8Q Rxb8 50. Rxb8 g5 51. f3 Ke5 52. Re8+ Kf4 53. Rg8 f5 54. Kd5 g4 55. fxg4 fxg4 56. Rf8+ Kg3 57. Ke4 h3 58. Rh8 Kg2 59. Kf4 g3 60. Rg8 h2 61. Rxg3+ Kf2 62. Rf3+ Kg2 1/2-1/2

[Event "Pays de Champagne op-A 1st"]
[Site "Recy"]
[Date "2010.05.15"]
[Round "6"]
[White "Rodier, Patrick"]
[Black "Dhaynaut, Gilles"]
[Result "0-1"]
[WhiteElo "1430"]
[BlackElo "1730"]
[PlyCount "88"]
[EventDate "2010.05.??"]
[EventType "swiss"]
[EventRounds "6"]
[EventCountry "FRA"]
[SourceTitle "EXT 2011"]
[Source "ChessBase"]
[SourceDate "2010.11.26"]
[SourceVersion "1"]
[SourceVersionDate "2010.11.26"]
[SourceQuality "1"]

1. e4 d5 2. exd5 Nf6 3. d4 Bg4 4. Be2 Bxe2 5. Qxe2 Qxd5 6. Nf3 Nc6 7. Nc3 Qh5 8. Be3 e6 9. 0-0-0 0-0-0 10. Kb1 h6 11. h3 Qa5 12. Rhe1 Bb4 13. Bd2 Nxd4 14. Nxd4 Rxd4 15. Qe3 Rhd8 16. Qe2 g5 17. f3 Bxc3 18. Bxc3 Rxd1+ 19. Rxd1 Rxd1+ 20. Qxd1 Qd5 21. Qe2 Nh5 22. Be5 f6 23. Bh2 e5 24. g4 Nf4 25. Bxf4 gxf4 26. c4 Qd4 27. Kc2 c5 28. Qd3 Qxd3+ 29. Kxd3 Kd7 30. Kc3 Kd6 31. Kd3 a6 32. b3 Kc6 33. Ke4 b5 34. Kd3 Kb6 35. a3 bxc4+ 36. Kxc4 a5 37. Kd3 Kb5 38. h4 a4 39. bxa4+ Kxa4 40. Kc4 Kxa3 41. Kxc5 e4 42. fxe4 f3 43. Kd4 f2 44. Ke3 f1Q 0-1

[Event "FICGS class C 000022 email"]
[Site "FICGS email"]
[Date "2006.12.29"]
[Round "1"]
[White "Dhaynaut, Gilles"]
[Black "Czekaj, Christophe"]
[Result "0-1"]
[WhiteElo "1600"]
[BlackElo "2000"]
[PlyCount "32"]
[EventDate "2006.??.??"]
[EventType "tourn (corr)"]
[EventRounds "4"]
[SourceTitle "Corr 2022"]
[Source "ChessBase"]
[SourceDate "2021.10.24"]
[SourceVersion "1"]
[SourceVersionDate "2021.10.24"]
[SourceQuality "1"]

1. d4 Nf6 2. Nf3 d5 3. e3 c5 4. Bd3 e6 5. 0-0 Nbd7 6. b3 b6 7. Nbd2 Bb7 8. Bb2 Be7 9. c4 0-0 10. Ne5 dxc4 11. Nexc4 cxd4 12. exd4 Nd5 13. Ne3 N7f6 14. Nxd5 Qxd5 15. Qf3 Qxf3 16. Nxf3 Nh5 0-1